|
|
|
|
| LEADER |
02702nam a2200625 aa4500 |
| 001 |
nkc20092010514 |
| 003 |
CZ PrNK |
| 005 |
20160810082341.0 |
| 007 |
ta |
| 008 |
091111s2010 xr g d 001 0 ger |
| 015 |
|
|
|a cnb002010514
|
| 020 |
|
|
|a 978-80-7400-175-8
|q (váz.)
|
| 035 |
|
|
|a (OCoLC)551388883
|
| 040 |
|
|
|a ABA001
|b cze
|d BOA001
|
| 041 |
0 |
|
|a ger
|a cze
|
| 072 |
|
7 |
|a 81
|x Lingvistika. Jazyky
|2 Konspekt
|9 11
|
| 080 |
|
|
|a 811.112.2
|2 MRF
|
| 080 |
|
|
|a 811.162.3
|2 MRF
|
| 080 |
|
|
|a 81'373.7
|2 MRF
|
| 080 |
|
|
|a 81'373.72
|2 MRF
|
| 080 |
|
|
|a 81'374.8-022.215
|2 MRF
|
| 080 |
|
|
|a (038)81
|2 MRF
|
| 100 |
1 |
|
|a Heřman, Karel,
|d 1922-2006
|7 mzk2010473948
|4 aut
|
| 245 |
1 |
0 |
|a Deutsch-tschechisches Wörterbuch der Phraseologismen und festgeprägten Wendungen =
|b Německo-český slovník frazeologizmů a ustálených spojení /
|c Karel Heřman, Markéta Blažejová, Helge Goldhahn a kolektiv
|
| 246 |
3 |
1 |
|a Německo-český slovník frazeologizmů a ustálených spojení
|
| 250 |
|
|
|a Vyd. 1.
|
| 260 |
|
|
|a V Praze :
|b C.H. Beck,
|c 2010
|
| 300 |
|
|
|a 2 sv. ;
|c 31 cm
|
| 490 |
1 |
|
|a Beckovy odborné slovníky
|
| 504 |
|
|
|a Obsahuje bibliografii a rejstřík
|
| 505 |
0 |
|
|a I. A-L. xxxi, 1313 s. -- II. M-Z. s. 1315-2612
|
| 650 |
0 |
7 |
|a němčina
|7 ph115512
|2 czenas
|
| 650 |
0 |
7 |
|a čeština
|7 ph135292
|2 czenas
|
| 650 |
0 |
7 |
|a frazeologie
|7 ph120388
|2 czenas
|
| 650 |
0 |
7 |
|a idiomy
|7 ph139219
|2 czenas
|
| 650 |
0 |
9 |
|a German language
|2 eczenas
|
| 650 |
0 |
9 |
|a Czech language
|2 eczenas
|
| 650 |
0 |
9 |
|a phraseology
|2 eczenas
|
| 650 |
0 |
9 |
|a idioms
|2 eczenas
|
| 655 |
|
7 |
|a frazeologické slovníky
|7 fd202923
|2 czenas
|
| 655 |
|
7 |
|a dvojjazyčné překladové slovníky
|7 fd208746
|2 czenas
|
| 655 |
|
9 |
|a phraseological dictionaries
|2 eczenas
|
| 655 |
|
9 |
|a bilingual translation dictionaries
|2 eczenas
|
| 700 |
1 |
|
|a Blažejová, Markéta,
|d 1954-
|7 xx0110527
|4 aut
|
| 700 |
1 |
|
|a Goldhahn, Helge,
|d 1971-
|7 xx0110528
|4 aut
|
| 830 |
|
0 |
|a Beckovy odborné slovníky
|0 s
|
| 856 |
4 |
1 |
|u http://www.digitalniknihovna.cz/mzk/uuid/uuid:7eddce40-57c8-11e6-9eca-005056825209
|y Digitalizovaný dokument
|x NDK
|
| 910 |
2 |
|
|a BOA001
|b 4-1238.322
|s 1-2
|
| 990 |
|
|
|a BK
|
| 995 |
|
|
|a 01
|
| 991 |
|
|
|b 201003
|c NOV
|j 811.112.2 HEŘ
|
| 996 |
6 |
|
|b 2610411021
|c 4-1238.322
|d 1, A-L
|v 1
|l MZK
|r HSS 4p
|n 0
|p p.v.
|h 811.112.2 HEŘ
|w 001108461
|u 000010
|a 0
|e BOA001
|j MZK50
|s P
|
| 996 |
6 |
|
|b 2610411022
|c 4-1238.322
|d 2, M-Z
|v 2
|l MZK
|r HSS 4p
|n 0
|p p.v.
|h 811.112.2 HEŘ
|w 001108461
|u 000020
|a 0
|e BOA001
|j MZK50
|s P
|
| 996 |
6 |
|
|b 2610533609
|c 4-1238.322
|d 1, A-L
|v 1
|l MZK
|r Sklad / do 1 hodiny
|n 7
|p kup
|w 001108461
|u 000030
|a 1
|e BOA001
|j MZK50
|s P
|
| 996 |
6 |
|
|b 2610533610
|c 4-1238.322
|d 2, M-Z
|v 2
|l MZK
|r Sklad / do 1 hodiny
|n 12
|p kup
|w 001108461
|u 000040
|a 1
|e BOA001
|j MZK50
|s P
|